| 000 | 00455nam a2200169Ia 4500 | ||
|---|---|---|---|
| 003 | GCL | ||
| 008 | 140319s9999 xx 000 0 eng d | ||
| 040 |
_aGCL / _cGCL |
||
| 082 | 0 | 4 |
_a664 _bS I |
| 100 | 1 | _aSINGH, PAUL R | |
| 245 | 1 | 0 |
_aINTERODUCTION TO FOOD ENGINEERING / _cSINGH, PAUL R |
| 700 | 1 | _aHELDMAN,DENNIS R | |
| 260 |
_a[S.N] : _bACADEMIC PRESS LIMITED. ، _c1993 |
||
| 300 | _a499 | ||
| 650 | 0 | 4 | _aFOOD INDUSTRY AND TRADE |
| 942 |
_2ddc _cBK |
||
| 999 |
_c16503 _d16503 |
||